<?xml version="1.0" encoding="UTF-8"?>
<record
    xmlns:xsi="http://www.w3.org/2001/XMLSchema-instance"
    xsi:schemaLocation="http://www.loc.gov/MARC21/slim http://www.loc.gov/standards/marcxml/schema/MARC21slim.xsd"
    xmlns="http://www.loc.gov/MARC21/slim">

  <leader>01464nkm a2200289za 4500</leader>
  <controlfield tag="001">84429</controlfield>
  <controlfield tag="003">OSt</controlfield>
  <controlfield tag="005">20260416124704.0</controlfield>
  <controlfield tag="007">kh bo </controlfield>
  <controlfield tag="008">250407s1909    sp ||||| |||| 00| i|spa d</controlfield>
  <datafield tag="040" ind1=" " ind2=" ">
    <subfield code="c">M-RABA</subfield>
  </datafield>
  <datafield tag="245" ind1="0" ind2="1">
    <subfield code="a">[Retrato del Conde de Floridablanca]</subfield>
    <subfield code="h">[Material gr&#xE1;fico]</subfield>
  </datafield>
  <datafield tag="260" ind1=" " ind2=" ">
    <subfield code="c">[ca. 1909]</subfield>
  </datafield>
  <datafield tag="300" ind1=" " ind2=" ">
    <subfield code="a">1 fotograf&#xED;a</subfield>
    <subfield code="b">: fototipia</subfield>
    <subfield code="c">; 19 x 27,5 cm</subfield>
  </datafield>
  <datafield tag="500" ind1=" " ind2=" ">
    <subfield code="a">Reproducci&#xF3;n fotogr&#xE1;fica del Retrato del Conde de Floridablanca, de Francisco de Goya y situado en la Sala Capitular de la iglesia de San Isidro de Madrid.</subfield>
  </datafield>
  <datafield tag="500" ind1=" " ind2=" ">
    <subfield code="a">La fotograf&#xED;a pertenece al art&#xED;culo: M&#xE9;lida, J. R.: &#x201C;Un Morales y un Goya existentes en la Catedral de Madrid&#x201D;, en B.S.E.E., T. XVII, 1909, p. 1.</subfield>
  </datafield>
  <datafield tag="500" ind1=" " ind2=" ">
    <subfield code="a">Fecha probable, tomada de la publicaci&#xF3;n en el BSEE.</subfield>
  </datafield>
  <datafield tag="510" ind1=" " ind2=" ">
    <subfield code="a">M&#xE9;lida, Jos&#xE9; Ram&#xF3;n: &#x201C;Un Morales y un Goya existentes en la Catedral de Madrid&#x201D;, en B.S.E.E., T. XVII, 1909, p. 1.</subfield>
  </datafield>
  <datafield tag="600" ind1="1" ind2="4">
    <subfield code="a">Floridablanca, Jos&#xE9; Mo&#xF1;ino, </subfield>
    <subfield code="c">Conde de (</subfield>
    <subfield code="d">1728-1808)</subfield>
    <subfield code="9">45164</subfield>
  </datafield>
  <datafield tag="600" ind1="1" ind2="7">
    <subfield code="a">Goya, Francisco de </subfield>
    <subfield code="d">(1746-1828)</subfield>
    <subfield code="9">2476</subfield>
  </datafield>
  <datafield tag="610" ind1="2" ind2="4">
    <subfield code="a">Real Colegiata de San Isidro y Nuestra Se&#xF1;ora del Buen Consejo (Madrid)</subfield>
    <subfield code="9">65551</subfield>
  </datafield>
  <datafield tag="651" ind1=" " ind2="7">
    <subfield code="a">Madrid</subfield>
    <subfield code="2">embne</subfield>
    <subfield code="9">75182</subfield>
  </datafield>
  <datafield tag="655" ind1=" " ind2="7">
    <subfield code="a">Fotograf&#xED;as de obras de arte</subfield>
    <subfield code="9">75675</subfield>
  </datafield>
  <datafield tag="852" ind1=" " ind2=" ">
    <subfield code="j">Fot-546</subfield>
  </datafield>
  <datafield tag="856" ind1=" " ind2=" ">
    <subfield code="3">Fot-546</subfield>
    <subfield code="u">https://archivoybiblioteca.realacademiabellasartessanfernando.com/cgi-bin/koha/opac-retrieve-file.pl?id=6e925bdf4c0df0b3938c7c73c31fa262</subfield>
  </datafield>
  <datafield tag="942" ind1=" " ind2=" ">
    <subfield code="2">ddc</subfield>
    <subfield code="c">FOTOGRAF&#xCD;A</subfield>
    <subfield code="n">0</subfield>
  </datafield>
  <datafield tag="952" ind1=" " ind2=" ">
    <subfield code="0">0</subfield>
    <subfield code="1">0</subfield>
    <subfield code="2">ddc</subfield>
    <subfield code="4">0</subfield>
    <subfield code="7">0</subfield>
    <subfield code="8">FOTOGRAFIA</subfield>
    <subfield code="a">RABASF</subfield>
    <subfield code="b">RABASF</subfield>
    <subfield code="c">DP2</subfield>
    <subfield code="d">2025-04-08</subfield>
    <subfield code="l">0</subfield>
    <subfield code="o">Fot-546</subfield>
    <subfield code="p">1095304</subfield>
    <subfield code="r">2025-04-08 10:09:21</subfield>
    <subfield code="w">2025-04-08</subfield>
    <subfield code="y">FOTOGRAF&#xCD;A</subfield>
  </datafield>
  <datafield tag="999" ind1=" " ind2=" ">
    <subfield code="c">84429</subfield>
    <subfield code="d">84429</subfield>
  </datafield>
</record>
